संगीत प्रवाह: (Record no. 199639)

MARC details
000 -LEADER
fixed length control field 00831nam a22001937a 4500
005 - DATE AND TIME OF LATEST TRANSACTION
control field 20240108141845.0
010 ## - LCCN (DPL NO)
LC control number HIN-126545
020 ## - INTERNATIONAL STANDARD BOOK NUMBER
International Standard Book Number 9789391993085
Terms of availability 1500.00
035 ## - SYSTEM CONTROL NUMBER
System control number HN-98891
037 ## - SOURCE OF ACQUISITION
Source of stock number/acquisition DBAD/PUB
082 ## - DEWEY DECIMAL CLASSIFICATION NUMBER
Classification number 781.68
100 ## - MAIN ENTRY--PERSONAL NAME
Personal name कौशल कुमारी
245 ## - TITLE STATEMENT
Title संगीत प्रवाह:
Remainder of title गायन -सितार -तबला/
Statement of responsibility, etc कौशल कुमारी
260 ## - PUBLICATION, DISTRIBUTION, ETC. (IMPRINT)
Place of publication, distribution, etc नई दिल्ली
Name of publisher, distributor, etc सत्यम पब्लिशिंग हाउस
Date of publication, distribution, etc 2022
270 ## - ADDRESS
Address एन -3/25 मोहन गार्डन उत्तम नगर
City नई दिल्ली
Postal code 110059
300 ## - PHYSICAL DESCRIPTION
Extent 390 पृष्ठ;
Dimensions 22cm (सजिल्द)
700 ## - ADDED ENTRY--PERSONAL NAME
Relator term अन्य लेखक
9 (RLIN) 59828
942 ## - ADDED ENTRY ELEMENTS (KOHA)
Item type Hindi Books
Classification part 781.68
Source of classification or shelving scheme Dewey Decimal Classification
Call number suffix कौशल
Holdings
Withdrawn status Lost status Not for loan Collection code Home library Current library Date acquired Source of acquisition Cost, normal purchase price Full call number Barcode Copy number Cost, replacement price Koha item type
      Non-fiction Ashok Vihar Ashok Vihar 12/12/2023 DBAD/PUB 1500.00 781.68 कौशल HN-98891 1 1500.00 Hindi Books

© Delhi Public Library
Hit Counter
free hit counter